| 000 | 01664nam a2200409 c 4500 | ||
|---|---|---|---|
| 999 |
_c50137 _d50137 |
||
| 001 | 50137 | ||
| 003 | ES-MaCES | ||
| 005 | 20240731040004.0 | ||
| 008 | 171023s2017 sp l o000 | spa d | ||
| 017 |
_aM 3082-2002 _bDL |
||
| 020 | _a9788447608690 | ||
| 024 | 7 |
_a169-17-023-0 _2nipo |
|
| 024 | 7 |
_a057-17-032-9 _2nipo |
|
| 040 |
_aES-MaCES _bspa _cES-MaCES |
||
| 110 | 1 |
_aEspaña _tLey de defensa de la competencia _d2007 _92919 |
|
| 245 | 1 | 0 |
_aLey de defensa de la competencia _b: (actualización enero 2017) |
| 250 | _a2ª ed | ||
| 260 |
_a[Madrid] _bMinisterio de Hacienda y Función Pública _bMinisterio de Economía, Industria y Competitividad _c2017 |
||
| 300 |
_a266 p. _c17 cm |
||
| 490 | 1 |
_aTextos legales / separata del Boletín Oficial de los Ministerios de Hacienda y Función Pública y de Economía, Industria y Competitividad _v3-2017 |
|
| 500 | _aÍndices | ||
| 541 | _cGratuito | ||
| 650 | 4 |
_amercado _927899 |
|
| 650 | 4 |
_adesregulación _931743 |
|
| 650 | 4 |
_aEspaña _926964 |
|
| 650 | 4 |
_alegislación económica _927161 |
|
| 650 | 4 |
_atexto _929624 |
|
| 650 | 4 |
_927897 _acompetencia |
|
| 653 | 1 | 0 | _aLegislación |
| 710 | 1 |
_aEspaña _938648 _tLey de creación de la Comisión Nacional de los Mercados y la Competencia _d2013 |
|
| 710 | 1 |
_aEspaña _bMinisterio de Hacienda y Función Pública _eed. _938369 |
|
| 710 | 1 |
_aEspaña _bMinisterio de Economía, Industria y Competitividad _eed. _938438 |
|
| 775 | 0 |
_tLey de defensa de la competencia _w(ES-MaCES)21306 |
|
| 830 | 0 |
_aTextos legales / separata del Boletín Oficial del Ministerio de Economía y Hacienda _v3-2007 _934038 |
|
| 902 | _aLIB Libro | ||
| 942 |
_2CES _cBK _h6.1. |
||